| 000 | 00643nam a2200217 i 4500 | ||
|---|---|---|---|
| 001 | 93624 | ||
| 003 | ES-MaACL | ||
| 005 | 20230906181257.0 | ||
| 007 | t| | ||
| 008 | 050415s1972 sp ||||1| spa d | ||
| 100 | 1 |
_aLópez Campillo, Evelyne. _973485 |
|
| 245 | 1 | 3 |
_aLa "Revista de Occidente" y la formación de minorías (1923-1936) / _cEvelyne López Campillo. |
| 260 |
_aMadrid : _bTaurus, _c1972. |
||
| 300 |
_a319 p. ; _c21 cm. |
||
| 490 | 1 |
_aPerfiles ; _v58 |
|
| 502 | _aTesis doctoral. | ||
| 630 | 0 | 4 |
_aRevista de Occidente. _9171942 |
| 830 | 1 |
_aPerfiles ; _v58 _9232110 |
|
| 852 |
_aES-MaACL _jC-48808 |
||
| 999 |
_c93624 _d93624 |
||